| 000 | 00591nam a2200193 u 4500 | ||
|---|---|---|---|
| 005 | 20210223131327.0 | ||
| 008 | 100624s2006 mx r 000 0 spa d | ||
| 020 | _a9686871926 | ||
| 035 | _aUPN01000176957 | ||
| 049 | _aCG | ||
| 050 | 4 |
_aPT2360 _bC8.3 |
|
| 100 | 1 |
_aHoffmann, Ernst Theodor Amadeus, _d1776-1822 _930310 |
|
| 245 | 1 | 0 |
_aCuentos de Hoffmann / _cErnst T. W. Hoffmann ; tr. y pról. de José María Roa Bárcena. |
| 260 |
_aMéxico : _bFactoría, _c2006. |
||
| 300 | _a129 p. | ||
| 440 | 3 |
_aLa serpiente emplumada ; _v35 |
|
| 650 | 4 |
_aCUENTOS ALEMANES _98048 |
|
| 905 | _aLibro | ||
| 999 |
_c149060 _d149060 |
||